Zloduch ušiel

Bibliographic Details
Main Author: Krno, Miloš (Author)
Format: Book
Language:Slovak
PhysicalDescription:19 strán
Published: Bratislava Lita 1974

MARC

LEADER 00000nam a22000005a 4500
001 vtls012229474
003 SK-MaSNL
005 20260301121747.0
008 240314s1974 xo 000 0 slo
020 |q (bžované) 
040 |a SNK  |b slo  |c SNK  |e AACR2 
041 0 |a slo 
044 |a xo  |c SK 
100 1 |a Krno, Miloš  |4 aut  |9 466333 
245 1 0 |a Zloduch ušiel  |c Miloš Krno 
260 |a Bratislava  |b Lita  |c 1974 
300 |a 19 strán 
852 |a Slovenská národná knižnica v Martine  |b 10000  |h SC 35512 
999 |c 730552  |d 732482 
952 |a SNK  |b SNK  |y VYP  |7 0  |p 17A1348849  |o snkSC 35512 D1  |i snkKSP 1144/75  |8 0  |3 Rekatalogizácia  |0 0  |1 0  |4 0  |d 2023-05-12  |l 0  |r 2026-02-23 22:27:32  |w 2026-02-23